Pride and Prejudice Characters - Statistics

General Stats
  • This quiz has been taken 1,778 times
  • The average score is 12 of 15
Answer Stats
Hint Answer % Correct
Falls in love with Mr. Darcy Elizabeth Bennet
98%
Elizabeth's closest sister Jane Bennet
96%
Man that falls in love with Elizabeth Mr. Darcy
92%
Father of the five unmarried daughters Mr. Bennet
90%
Sister that is crazy for the officers Lydia Bennet
88%
Man that falls in love with Jane Mr. Bingley
88%
Sister that is very plain and reads mostly Mary Bennet
86%
Annoying cousin of the Bennets Mr. Collins
83%
Mother of the five unmarried daughters Mrs. Bennet
83%
Man that elopes with Lydia Mr. Wickham
77%
Elizabeth's best friend Charlotte Lucas
71%
Sister called Kitty Catherine Bennet
65%
Mr. Darcy's younger sister Georgiana Darcy
55%
Woman is attracted to Mr. Darcy Caroline Bingley
51%
Patroness of Mr. Collins Lady Catherine de Bourgh
50%
No matching quizzes found
Score Distribution
Percent of People with Each Score
Percentile by Number Answered
Your Score History
You have not taken this quiz